Marketingový plán vybraného podniku bakalárska práca

Enregistré dans:
Détails bibliographiques
Auteur principal: Sýkora, Samuel
Collectivité auteur: Fakulta podnikového manažmentu EU. Katedra manažmentu
Autres auteurs: Čambalíková, Andrea, 1990-
Format: Livre
Langue:slovaque
Publié: Bratislava 2021
Tags: Ajouter un tag
Pas de tags, Soyez le premier à ajouter un tag!

MARC

LEADER 00000nbm a2200000 4500
001 0275710
005 20211108115254.7
041 0 |a slo 
044 |a SK 
245 1 0 |a Marketingový plán vybraného podniku  |b bakalárska práca  |c Samuel Sýkora ; školiteľ: Andrea Čambalíková 
264 1 |a Bratislava  |c 2021 
300 |a 42 s. 
100 1 |a Sýkora, Samuel 
700 1 |a Čambalíková, Andrea, 1990- 
710 2 |a Fakulta podnikového manažmentu EU. Katedra manažmentu